Responses for show #7404 - Thursday, November 17, 2016

2016 Teen Tournament semifinal game 2.
From DAR Constitution Hall in Washington, D.C.

Contestants

[<< previous game]

Alec Fischthal, a junior from North Woodmere, New York

Emily LaMonica, a senior from Sayreville, New Jersey

Connor Pierce, a freshman from Dallas, Texas

[next game >>]

Jeopardy! Round responses

NEVER PRESIDENT
ANNUAL EVENTS
EXTREME GEOGRAPHY
MOVIE VILLAINS
TEXTING
IT'S "LIT"
    $200 2
Al Gore

Alec
    $200 9
Veterans Day

Connor
    $200 12
Greenland

Alec
    $200 5
(Connor: Who is Palpatine?)

Darth Vader

ConnorAlec
    $200 21
short

Connor
    $200 26
splitter

Alec
    $400 3
Speaker of the House

Connor
    $400 4
fiesta

Emily
    $400 10
Death Valley

Emily
    $400 11
the Wicked Witch of the West

Alec
    $400 22
emoticons

Emily
    $400 27
litmus paper

Emily
    $600 6
the Green Party

Alec
    $600 1
(Connor: What is Passover?)

Yom Kippur

ConnorAlec
    $600 13
Kilimanjaro

Alec
    $600 16
Magneto

Emily
    $600 23
Katy Perry

Emily
    $600 28
flit

Emily
    $800 7
Eleanor Roosevelt

Alec
    $800 19
Carnival

Triple Stumper
    $800 14
a reservoir

Alec
    $800 17
Bane

Emily
    $800 24
in real life

Alec
    $800 29
utilities

Alec
    $1000 8
(Emily: What is Ohio?)

Kentucky

EmilyAlec
    $2,000 20
Flag Day

Alec
    $1000 15
the Mekong

Emily
    $1000 18
Megatron

Alec
    $1000 25
(Emily: What is autocomplete?)
(Connor: What is predictive type?)
[Both originally ruled incorrect; ruled correct at the start of Double Jeopardy!]

autocorrect

ConnorEmily
    $1000 30
litigator

Alec

Scores at the first commercial break (after clue 15):

Connor Emily Alec
-$200 $800 $5,400

Scores at the end of the Jeopardy! Round:

Connor Emily Alec
$1,000 $5,200 $11,200

Double Jeopardy! Round responses

(Alex: To honor the National Park Services' centennial year, we have a whole category devoted to...)
THE NATIONAL PARK SYSTEM
10-LETTER WORDS
BODY TALK
THE ANCIENT WORLD
"T" UP SOME ENTERTAINMENT
IT'S AMERICAN LIT
    $400 12
Mount Rushmore

Alec
    $400 24
elementary

Connor
    $400 19
the neck

Alec
    $400 2
ancient China

Emily
    $400 30
Thicke

Connor
    $400 1
Thoreau

Alec
    $800 13
Gettysburg

Triple Stumper
    $800 8
an adaptation

Emily
    $800 20
digit

Alec
    $800 7
Sparta

Connor
    $800 17
the Thunder

Connor
    $800 3
(Alec: What is Death of a Salesman?)

Willy Loman

EmilyAlec
    $1200 14
Yellowstone

Alec
    $1200 25
navigation

Alec
    $1200 21
kidneys

Emily
    $1200 9
Troy

Alec
    $1200 18
"Thrift Shop"

Alec
    $3,000 4
(Emily: What is The Sun Also Rises?)

For Whom the Bell Tolls

Emily
    $1600 15
the Everglades

Connor
    $1600 26
a hitchhiker

Emily
    $8,600 28
the optic nerve

Emily
    $1600 10
July and August

Emily
    $1600 22
Tomorrowland

Emily
    $1600 5
(Emily: What is Beloved?)

The Color Purple

Emily
Triple Stumper
    $2000 16
(Emily: What is Lake Michigan?)

Lake Erie

ConnorEmily
    $2000 27
(Emily: What is opposable?)
(Connor: What is elongated?)
(Alec: What is tactile?)

prehensile

ConnorEmilyAlec
Triple Stumper
    $2000 29
the tibia

Alec
    $2000 11
Egypt

Alec
    $2000 23
[NOTE: This was the 320,000th clue entered into the J! Archive, on 2017-01-28.]

Sam Tsui

Emily
    $2000 6
The Things They Carried

Emily

Scores at the end of the Double Jeopardy! Round:

Connor Emily Alec
$5,000 $17,200 $19,200

[wagering suggestions for these scores]

Final Jeopardy! Round responses

FAMOUS BUILDINGS
(Alex: In your visits around our nation's capital, you would've come close to this place.)
ConnorWhat is Emperor's Palace?
$3,000
EmilyWhat is the Forbidden City?
$17,200
AlecWhat Vatican City
$15,201
the Pentagon

Final scores:

Connor Emily Alec
$2,000 $0 $3,999
2nd place: $10,000 3rd place: $10,000 Finalist

Game dynamics:

Coryat scores:

Connor Emily Alec
$5,000 $13,200 $18,200
10 R,
3 W
20 R
(including 1 DD),
5 W
(including 1 DD)
26 R
(including 1 DD),
2 W

Combined Coryat: $36,400

The J! Archive is created by fans, for fans. The Jeopardy! game show and all elements thereof, including but not limited to copyright and trademark thereto, are the property of Jeopardy Productions, Inc. and are protected under law. This website is not affiliated with, sponsored by, or operated by Jeopardy Productions, Inc. Join the discussion at JBoard.tv.